Quick Pick: Multiple Best Director Oscars Quiz Stats

Quiz Updated Dec 23, 2016

Challenge
Share
Tweet
Embed
Score 0/18 Timer 01:30
0 Plays Today
% Correct
Steven Spielberg
89.2%
Clint Eastwood
86.3%
Frank Capra
82.3%
John Ford
77.1%
Billy Wilder
75.5%
Oliver Stone
74.5%
Ang Lee
70.2%
Elia Kazan
67.9%
Alejandro Iñárritu
65.5%
% Correct
Miloš Forman
64.8%
Joseph Mankiewicz
64%
William Wyler
61.3%
David Lean
61.1%
Robert Wise
57.2%
George Stevens
55.1%
Fred Zinnemann
55%
Frank Lloyd
53.6%
Leo McCarey
45.9%

Today's Daily Dose

You're not logged in!

Compare scores with friends on all Sporcle quizzes.
Sign Up with Email
OR
Log In

You Might Also Like...

Show Comments

Extras

Top Quizzes Today


Score Distribution

Your Account Isn't Verified!

In order to create a playlist on Sporcle, you need to verify the email address you used during registration. Go to your Sporcle Settings to finish the process.